000 00653nam a22001817a 4500
003 JO-AjAnu
005 20260420080538.0
008 260420b jo ||||| |||| 00| 0 ara d
040 _aANU
_cJO-AjAnu
041 _hENG
100 _aMegdadi, Mohammad Ahmed
_966961
_ePreperer
245 _aStatistical Inference for the Power Rayleigh Distribution based on Type-I Progressive Hybrid Censored Data
_c / Mohammad Ahmed Megdadi؛ Supervisor Nesreen AL-Olaimat
260 _aAjloun:
_bAjloun National University؛
_c2026
300 _a70 papers
650 _vStatistical
_95880
700 _aAL-Olaimat؛ Nesreen
_eSupervisor
_966962
942 _2lcc
_cTHS
_n0
999 _c34187
_d34187